| 000 | 01194nam a22002537a 4500 | ||
|---|---|---|---|
| 999 |
_c22112 _d22112 |
||
| 003 | AR-CdUCM | ||
| 008 | 190425b ||||| |||| 00| 0 spa d | ||
| 040 |
_aMUNICIPALIDAD PROVINCIAL DEL CUSCO _cBIBLIOTECA MUNICIPAL DEL CUSCO |
||
| 082 | _aSieteculebras/N°20/2005 | ||
| 245 |
_aSiete culebras : _bRevista de cultura andina / _cMario Guevara Paredes, Director |
||
| 260 |
_aCusco : _bSieteculebras, _c2005. |
||
| 300 |
_a62 páginas. : _bilustraciones ; _c30 cm. |
||
| 440 |
_aRevista Siete Culebras. _ndiciembre 2005, N°20 _947464 |
||
| 505 | _aContenido: Discurso de la muerte en Storni, Pizarnik, Bruna y otras alucinaciones. Gloria Mendoza Borda. -- Carlos Fuentes y la novela histórica. Luis Beiro Álvarez. -- El género exemplum en la literatura colonial andina. Ofelia Reynoso Torres. -- Attila József canción desde la inocencia. Fernando Cassamar. | ||
| 650 |
_aLiteratura cusqueña _947453 |
||
| 650 |
_aNarradores cusqueños _931142 |
||
| 650 |
_aLiteratos cusqueños _944145 |
||
| 650 |
_aArqueología cusqueña _99322 |
||
| 650 |
_aPoesía _947456 |
||
| 700 |
_aGuevara Paredes, Mario _96574 |
||
| 700 |
_aMendoza Borda, Gloria _914954 |
||
| 942 |
_2ddc _cPP |
||
| 945 | _arac | ||